[Event "Arber op 11th"]
[Site "Bodenmais"]
[Date "2024.08.04"]
[Round "9"]
[White "Aumueller, Naum"]
[Black "Osthoff, Michael"]
[Result "1-0"]
[WhiteElo "2056"]
[BlackElo "2088"]
[PlyCount "69"]
[EventDate "2024.07.27"]
[EventType "swiss"]
[EventRounds "9"]
[EventCountry "GER"]
[SourceTitle "CBM 221 Extra"]
[Source "ChessBase"]
[SourceDate "2024.09.30"]
[SourceVersion "1"]
[SourceVersionDate "2024.09.30"]
[SourceQuality "1"]

1. e4 e5 2. Nf3 Nc6 3. Bc4 Bc5 4. c3 Nf6 5. d3 d6 6. Nbd2 a6 7. Bb3 Bg4 8. 0-0 Qd7 9. Re1 0-0 10. Nf1 Ba7 11. h3 Be6 12. Ng3 Bxb3 13. axb3 Ne7 14. Nh4 Kh8 15. Qf3 Nfg8 16. Nhf5 Nxf5 17. exf5 c6 18. Ra4 f6 19. Rh4 Qf7 20. Ree4 Ne7 21. Rh5 g6 22. fxg6 Nxg6 23. Nf5 Rad8 24. Rg4 Rd7 25. Rg3 Qe8 26. Rh6 Nf4 27. d4 Qe6 28. Nh4 Rg7 29. Bxf4 exf4 30. Rxg7 Kxg7 31. Qh5 Qg8 32. Rg6+ hxg6 33. Qxg6+ Kh8 34. Qh6+ Qh7 35. Ng6+ 1-0

[Event "Arber op 11th"]
[Site "Bodenmais"]
[Date "2024.08.01"]
[Round "6"]
[White "Osthoff, Michael"]
[Black "Hagenbeck Huebert, Ben"]
[Result "1-0"]
[WhiteElo "2088"]
[BlackElo "1939"]
[PlyCount "119"]
[EventDate "2024.07.27"]
[EventType "swiss"]
[EventRounds "9"]
[EventCountry "GER"]
[SourceTitle "CBM 221 Extra"]
[Source "ChessBase"]
[SourceDate "2024.09.30"]
[SourceVersion "1"]
[SourceVersionDate "2024.09.30"]
[SourceQuality "1"]

1. d4 d5 2. c4 c6 3. Nf3 Nf6 4. Nc3 g6 5. e3 Bg7 6. Be2 0-0 7. 0-0 e6 8. Qc2 Nbd7 9. b3 b6 10. Bb2 Bb7 11. Rfd1 Rc8 12. Na4 Re8 13. Rac1 Ne4 14. Nd2 Nxd2 15. Qxd2 Qe7 16. Ba1 Rcd8 17. cxd5 exd5 18. Bf3 Bf8 19. Nb2 Qf6 20. Nd3 h5 21. Re1 Bd6 22. h3 Bb8 23. e4 dxe4 24. Bxe4 Qd6 25. f4 Nf6 26. Bf3 Nd5 27. Ne5 Qf6 28. Bxd5 cxd5 29. Bc3 Qf5 30. g4 hxg4 31. hxg4 Qe6 32. Qg2 Kg7 33. Bd2 f5 34. g5 Rc8 35. Kf2 Rh8 36. Rh1 Qg8 37. Rxh8 Qxh8 38. Rh1 Qg8 39. Qh3 Bxe5 40. Qh6+ Kf7 41. fxe5 Rc6 42. Bb4 Ba6 43. Qh7+ Qg7 44. Qh8 Qxh8 45. Rxh8 Rc2+ 46. Kg3 Rxa2 47. Rf8+ Kg7 48. Ra8 Bb5 49. Bd6 a6 50. e6 Re2 51. Be5+ Rxe5 52. dxe5 d4 53. Rd8 d3 54. Kf4 a5 55. Ke3 f4+ 56. Kxf4 a4 57. bxa4 Bxa4 58. Rxd3 Kf8 59. Rd6 b5 60. Rb6 1-0

[Event "Regionalliga Sued-West 1718"]
[Site "Bayern"]
[Date "2017.11.12"]
[Round "2.7"]
[White "Osthoff, Michael"]
[Black "Fischer, Johann"]
[Result "1-0"]
[WhiteElo "1988"]
[BlackElo "1645"]
[PlyCount "61"]
[EventDate "2017.10.22"]
[EventType "team-tourn"]
[EventRounds "9"]
[EventCountry "GER"]
[SourceTitle "EXT 2022"]
[Source "ChessBase"]
[SourceDate "2021.10.06"]
[SourceVersion "1"]
[SourceVersionDate "2021.10.06"]
[SourceQuality "1"]
[WhiteTeam "Muenchen SC II"]
[BlackTeam "Marktoberdorf"]
[WhiteTeamCountry "GER"]
[BlackTeamCountry "GER"]

1. d4 Nf6 2. Bf4 d5 3. e3 e6 4. Nd2 Bd6 5. Bg3 b6 6. c3 a5 7. Bb5+ c6 8. Bd3 Ba6 9. Qe2 Bxd3 10. Qxd3 Na6 11. Ngf3 Bxg3 12. hxg3 Qc7 13. Ne5 b5 14. g4 g6 15. g5 Nd7 16. Ng4 0-0-0 17. a4 Qb6 18. axb5 cxb5 19. Nf3 Kb7 20. Nfe5 Nxe5 21. Nxe5 Rhf8 22. Rxh7 Nc7 23. Ke2 Ka6 24. b4 a4 25. Rxa4+ Kb7 26. Ra1 Ra8 27. Rxa8 Rxa8 28. Rxf7 Ra2+ 29. Kf3 Qa6 30. Qxg6 Qa4 31. Qh7 1-0

[Event "Arber op 6th"]
[Site "Bodenmais"]
[Date "2017.07.30"]
[Round "2"]
[White "Osthoff, Michael"]
[Black "Womacka, Mathias"]
[Result "0-1"]
[WhiteElo "2109"]
[BlackElo "2436"]
[PlyCount "78"]
[EventDate "2017.07.29"]
[EventType "swiss"]
[EventRounds "9"]
[EventCountry "GER"]
[SourceTitle "CBM 179 Extra"]
[Source "ChessBase"]
[SourceDate "2017.08.23"]
[SourceVersion "1"]
[SourceVersionDate "2017.08.23"]
[SourceQuality "1"]

1. d4 Nf6 2. Bf4 c5 3. d5 Qb6 4. Nc3 Qxb2 5. Bd2 Qb6 6. e4 d6 7. f4 e6 8. Bb5+ Bd7 9. Bc4 Be7 10. Nf3 exd5 11. Nxd5 Nxd5 12. Bxd5 Bc6 13. c4 Bxd5 14. cxd5 Qa6 15. Qb3 Nd7 16. a4 Bf6 17. Rb1 0-0 18. Kf2 b6 19. Rhe1 Rfe8 20. Kg1 g6 21. h4 c4 22. Qc2 c3 23. Be3 Qc4 24. Bf2 Bg7 25. Nd2 Qc8 26. Nb3 Nf6 27. Bd4 Qg4 28. Qxc3 Nxe4 29. Qd3 Qxf4 30. Rf1 Qxh4 31. Qf3 Ng5 32. Qc3 Rac8 33. Qb2 Bxd4+ 34. Nxd4 Rc4 35. Nf3 Nxf3+ 36. Rxf3 Re1+ 37. Rxe1 Qxe1+ 38. Kh2 Rh4+ 39. Rh3 Qe5+ 0-1

[Event "Regionalliga SW 1617"]
[Site "Bayern"]
[Date "2017.03.19"]
[Round "7.8"]
[White "Osthoff, Michael"]
[Black "Schmidt, Thomas3"]
[Result "1-0"]
[WhiteElo "1989"]
[BlackElo "1842"]
[PlyCount "55"]
[EventDate "2016.10.16"]
[EventType "team-tourn"]
[EventRounds "9"]
[EventCountry "GER"]
[SourceTitle "EXT 2019"]
[Source "ChessBase"]
[SourceDate "2018.10.10"]
[SourceVersion "1"]
[SourceVersionDate "2018.10.10"]
[SourceQuality "1"]
[WhiteTeam "Muenchen 36 II"]
[BlackTeam "Tuerkheim/Bad Woerishofen"]
[WhiteTeamCountry "GER"]
[BlackTeamCountry "GER"]

1. d4 d6 2. Nf3 Nf6 3. c4 Nbd7 4. Bf4 c6 5. e3 Nh5 6. Bd3 e5 7. Bg5 Nhf6 8. 0-0 Be7 9. Nc3 Qc7 10. Rc1 h6 11. Bh4 g5 12. Bg3 h5 13. h4 gxh4 14. Nxh4 Nf8 15. c5 Ng4 16. cxd6 Qxd6 17. d5 Qd8 18. Nf5 Bf6 19. Qa4 b5 20. Qb3 a6 21. Rfd1 h4 22. Bh2 h3 23. dxc6 hxg2 24. c7 Qxd3 25. Rxd3 Bxf5 26. Ne4 Bxe4 27. c8Q+ Rxc8 28. Rxc8+ 1-0

[Event "Regionalliga SW 1617"]
[Site "Bayern"]
[Date "2017.02.05"]
[Round "5.8"]
[White "Brozio, Jason"]
[Black "Osthoff, Michael"]
[Result "0-1"]
[WhiteElo "1823"]
[BlackElo "1989"]
[PlyCount "118"]
[EventDate "2016.10.16"]
[EventType "team-tourn"]
[EventRounds "9"]
[EventCountry "GER"]
[SourceTitle "EXT 2019"]
[Source "ChessBase"]
[SourceDate "2018.10.10"]
[SourceVersion "1"]
[SourceVersionDate "2018.10.10"]
[SourceQuality "1"]
[WhiteTeam "Garching III"]
[BlackTeam "Muenchen 36 II"]
[WhiteTeamCountry "GER"]
[BlackTeamCountry "GER"]

1. e4 c5 2. Nf3 Nc6 3. Nc3 d6 4. d4 cxd4 5. Nxd4 Nf6 6. Bc4 e5 7. Nde2 Be7 8. h3 0-0 9. Be3 Be6 10. Bb3 Na5 11. Ng3 Nc4 12. Bxc4 Bxc4 13. Nf5 Be6 14. Nxe7+ Qxe7 15. Bg5 Rfd8 16. Nd5 Bxd5 17. Bxf6 Qxf6 18. Qxd5 Rac8 19. c4 Rc5 20. Qd3 Rdc8 21. b3 b5 22. 0-0 bxc4 23. bxc4 Rxc4 24. Rab1 g6 25. Qe3 a5 26. Rfd1 a4 27. Rb6 Qf4 28. Qxf4 exf4 29. Rbxd6 Rxe4 30. R6d2 h5 31. f3 Rb4 32. Rd3 Rc2 33. R1d2 Rb1+ 34. Kf2 Rcc1 35. Rd4 a3 36. Rxf4 Rb2 37. Rfd4 Rcc2 38. Rxc2 Rxc2+ 39. Kg1 Rxa2 40. Ra4 Kg7 41. Ra6 g5 42. Ra5 Kg6 43. Kh2 h4 44. Ra7 f6 45. Ra5 Kf7 46. Ra6 Ke7 47. Ra5 Kd6 48. Kg1 Kc6 49. Ra8 Kc5 50. Rc8+ Kd4 51. Rd8+ Kc3 52. Rc8+ Kb2 53. Rb8+ Kc1 54. Ra8 Ra1 55. Kf2 Kb2 56. Rb8+ Ka2 57. Rb6 Rb1 58. Rxf6 Rb4 59. Ke3 Kb3 0-1

[Event "Regionalliga SW 1516"]
[Site "Bayern"]
[Date "2016.03.13"]
[Round "8.7"]
[White "Osthoff, Michael"]
[Black "Rubke, Manfred"]
[Result "1/2-1/2"]
[WhiteElo "1977"]
[BlackElo "2104"]
[PlyCount "84"]
[EventDate "2015.10.11"]
[EventType "team-tourn"]
[EventRounds "9"]
[EventCountry "GER"]
[SourceTitle "EXT 2018"]
[Source "ChessBase"]
[SourceDate "2017.10.13"]
[SourceVersion "1"]
[SourceVersionDate "2017.10.13"]
[SourceQuality "1"]
[WhiteTeam "Muenchen Siemens"]
[BlackTeam "Haunstetten"]
[WhiteTeamCountry "GER"]
[BlackTeamCountry "GER"]

1. d4 d5 2. c4 e6 3. Nf3 Nf6 4. Nc3 Be7 5. e3 0-0 6. Bd3 dxc4 7. Bxc4 c5 8. 0-0 Nc6 9. Qe2 a6 10. a4 Qc7 11. b3 Na5 12. Ba3 cxd4 13. Bxe7 Qxe7 14. exd4 Qb4 15. Ne4 Nxe4 16. Qxe4 Nxc4 17. bxc4 Qxc4 18. Ng5 f5 19. Qf4 Qd5 20. Ra3 h6 21. Nf3 Rd8 22. Rd1 Qd6 23. Qh4 Bd7 24. Raa1 Bc6 25. Ne5 Bd5 26. a5 Rac8 27. h3 Rc7 28. Rac1 Rdc8 29. Rxc7 Qxc7 30. Qh5 Qe7 31. Rd3 f4 32. h4 Be4 33. Rd1 Rf8 34. Qg4 Qf6 35. Nd7 Qf5 36. Qxf5 Rxf5 37. Ne5 Rh5 38. f3 Bc6 39. Rc1 Bd5 40. Rc8+ Kh7 41. Nd7 Kg6 42. Ne5+ Kh7 1/2-1/2

[Event "Regionalliga SW 1516"]
[Site "Bayern"]
[Date "2015.12.13"]
[Round "4.8"]
[White "Osthoff, Michael"]
[Black "Sargin, Anatol"]
[Result "0-1"]
[WhiteElo "1977"]
[BlackElo "2092"]
[PlyCount "70"]
[EventDate "2015.10.11"]
[EventType "team-tourn"]
[EventRounds "9"]
[EventCountry "GER"]
[SourceTitle "EXT 2018"]
[Source "ChessBase"]
[SourceDate "2017.10.13"]
[SourceVersion "1"]
[SourceVersionDate "2017.10.13"]
[SourceQuality "1"]
[WhiteTeam "Muenchen Siemens"]
[BlackTeam "Unterhaching"]
[WhiteTeamCountry "GER"]
[BlackTeamCountry "GER"]

1. d4 d5 2. c4 e6 3. Nf3 f5 4. Bf4 Nf6 5. e3 Be7 6. Bd3 c6 7. Nbd2 0-0 8. Ne5 Ne4 9. h4 Nd7 10. Qe2 Qa5 11. Bxe4 fxe4 12. 0-0 Bxh4 13. Qg4 Nxe5 14. Bxe5 Bf6 15. Nb3 Qd8 16. f4 exf3 17. Rxf3 Bxe5 18. dxe5 Rxf3 19. Qxf3 Qe7 20. c5 Bd7 21. Rf1 b6 22. Rc1 Rb8 23. Rc2 Be8 24. cxb6 axb6 25. Rc3 c5 26. Qg3 Bg6 27. Nd2 Ra8 28. a3 Rf8 29. Rb3 Qc7 30. Nf3 Bc2 31. Rc3 Bf5 32. b4 Qa7 33. bxc5 bxc5 34. Qe1 Rb8 35. Qc1 Rb1 0-1

[Event "Regionalliga SW 1516"]
[Site "Bayern"]
[Date "2015.10.25"]
[Round "2.8"]
[White "Osthoff, Michael"]
[Black "Lehmann, Joerg"]
[Result "1-0"]
[WhiteElo "1977"]
[BlackElo "1749"]
[PlyCount "45"]
[EventDate "2015.10.11"]
[EventType "team-tourn"]
[EventRounds "9"]
[EventCountry "GER"]
[SourceTitle "EXT 2018"]
[Source "ChessBase"]
[SourceDate "2017.10.13"]
[SourceVersion "1"]
[SourceVersionDate "2017.10.13"]
[SourceQuality "1"]
[WhiteTeam "Muenchen Siemens"]
[BlackTeam "Memmingen"]
[WhiteTeamCountry "GER"]
[BlackTeamCountry "GER"]

1. d4 e6 2. c4 Nf6 3. Nf3 d5 4. e3 Be7 5. Nc3 0-0 6. Bd3 dxc4 7. Bxc4 a6 8. a4 b6 9. 0-0 Bb7 10. Qe2 c5 11. Rd1 Qc7 12. e4 cxd4 13. Nxd4 e5 14. Nf5 Nc6 15. Bg5 g6 16. Nxe7+ Qxe7 17. Nd5 Nxd5 18. Bxe7 Ndxe7 19. Qe3 Nd4 20. Rxd4 exd4 21. Qxd4 b5 22. Ba2 Rfe8 23. Qf6 1-0

[Event "Regionalliga SW 1415"]
[Site "Bayern"]
[Date "2015.02.22"]
[Round "7.8"]
[White "Osthoff, Michael"]
[Black "Untermann, Nils"]
[Result "0-1"]
[WhiteElo "1977"]
[BlackElo "1858"]
[PlyCount "96"]
[EventDate "2014.10.19"]
[EventType "team-tourn"]
[EventRounds "9"]
[EventCountry "GER"]
[SourceTitle "EXT 2018"]
[Source "ChessBase"]
[SourceDate "2017.10.13"]
[SourceVersion "1"]
[SourceVersionDate "2017.10.13"]
[SourceQuality "1"]
[WhiteTeam "Muenchen Siemens"]
[BlackTeam "Solln"]
[WhiteTeamCountry "GER"]
[BlackTeamCountry "GER"]

1. d4 d5 2. c4 dxc4 3. e3 e6 4. Bxc4 c5 5. Nf3 Nf6 6. 0-0 a6 7. a4 Nc6 8. Nc3 cxd4 9. exd4 Be7 10. Be3 0-0 11. Qe2 Nb4 12. Ne5 Bd7 13. Rfd1 Bc6 14. Nxc6 bxc6 15. Bf4 Nbd5 16. Bg3 a5 17. Ne4 Nxe4 18. Qxe4 Qb6 19. Bd3 g6 20. h4 Nf6 21. Qf3 Rfd8 22. Be5 Nd7 23. h5 Nxe5 24. dxe5 Qxb2 25. hxg6 hxg6 26. Be4 Qxe5 27. Bxc6 Rac8 28. Bb5 Rxd1+ 29. Rxd1 Bd6 30. g3 Rc2 31. Kg2 Bc5 32. Rf1 Kg7 33. Qd3 Qb2 34. Qf3 Qd4 35. Be8 f5 36. Qb7+ Kh6 37. Qf3 e5 38. Bc6 Qd2 39. Bb5 e4 40. Qb3 e3 41. Qg8 Qd4 42. Be8 Qf6 43. Rh1+ Kg5 44. Rh5+ Kg4 45. Rh4+ Qxh4 46. gxh4 Rxf2+ 47. Kh1 e2 48. Qxg6+ Kh3 0-1

[Event "Regionalliga SW 1415"]
[Site "Bayern"]
[Date "2015.01.18"]
[Round "5.8"]
[White "Osthoff, Michael"]
[Black "Bonacci, Mauro"]
[Result "1/2-1/2"]
[WhiteElo "1977"]
[BlackElo "2067"]
[PlyCount "93"]
[EventDate "2014.10.19"]
[EventType "team-tourn"]
[EventRounds "9"]
[EventCountry "GER"]
[SourceTitle "EXT 2018"]
[Source "ChessBase"]
[SourceDate "2017.10.13"]
[SourceVersion "1"]
[SourceVersionDate "2017.10.13"]
[SourceQuality "1"]
[WhiteTeam "Muenchen Siemens"]
[BlackTeam "MSA Zugzwang II"]
[WhiteTeamCountry "GER"]
[BlackTeamCountry "GER"]

1. d4 Nf6 2. c4 g6 3. Nc3 d5 4. Nf3 Bg7 5. Bf4 e6 6. e3 0-0 7. Rc1 c6 8. Bd3 dxc4 9. Bxc4 Nd5 10. Bg3 Nxc3 11. bxc3 c5 12. Ne5 cxd4 13. cxd4 Nd7 14. 0-0 Nxe5 15. Bxe5 Bxe5 16. dxe5 Qa5 17. f4 b5 18. Bb3 Bb7 19. Qe2 Rad8 20. Rfd1 Qb6 21. a4 bxa4 22. Bxa4 Rxd1+ 23. Rxd1 Rd8 24. Rxd8+ Qxd8 25. Kf2 Qd5 26. Kg3 h5 27. Qc2 Qe4 28. Qxe4 Bxe4 29. Kf2 h4 30. g3 hxg3+ 31. hxg3 f6 32. exf6 Kf7 33. g4 Kxf6 34. g5+ Ke7 35. Ke2 Kd6 36. Kd2 e5 37. Kc3 exf4 38. exf4 Kc5 39. Bd7 Kd6 40. Be8 Bf5 41. Kd4 a5 42. Ba4 Bb1 43. Bb3 Bf5 44. Bd1 Bb1 45. Bg4 a4 46. Kc3 a3 47. Be2 1/2-1/2

[Event "Regionalliga SW 1112"]
[Site "Bayern"]
[Date "2011.12.11"]
[Round "4.7"]
[White "Osthoff, Michael"]
[Black "Mueller, Marcus"]
[Result "0-1"]
[WhiteElo "1981"]
[BlackElo "2083"]
[PlyCount "96"]
[EventDate "2011.10.02"]
[EventType "team-tourn"]
[EventRounds "9"]
[EventCountry "GER"]
[SourceTitle "EXT 2013"]
[Source "ChessBase"]
[SourceDate "2012.11.22"]
[SourceVersion "1"]
[SourceVersionDate "2012.11.22"]
[SourceQuality "1"]
[WhiteTeam "Muenchen Siemens"]
[BlackTeam "Garching II"]
[WhiteTeamCountry "GER"]
[BlackTeamCountry "GER"]

1. d4 Nf6 2. c4 g6 3. Nf3 Bg7 4. Nc3 d6 5. e4 0-0 6. Be2 Na6 7. 0-0 e5 8. Bg5 Qe8 9. d5 Bd7 10. a3 Nc5 11. Nd2 a5 12. b4 Na4 13. Qc2 h6 14. Be3 Nxc3 15. Qxc3 a4 16. f4 Nxe4 17. Nxe4 f5 18. Nd2 exf4 19. Bd4 Bxd4+ 20. Qxd4 Qxe2 21. Rae1 Qh5 22. Re7 Rf7 23. Rfe1 g5 24. c5 Bb5 25. cxd6 cxd6 26. R7e6 Bd7 27. Rxd6 Re8 28. Rxe8+ Bxe8 29. Re6 Qd1+ 30. Kf2 Bb5 31. Re1 Qc2 32. Kg1 Qd3 33. Nf3 Qxd4+ 34. Nxd4 Bd7 35. Kf2 Kf8 36. Re5 Kg7 37. Re1 Kf6 38. Nf3 Re7 39. Rc1 Bb5 40. Nd4 Bd3 41. Rc5 Re4 42. Ne6 Ke5 43. h3 g4 44. Rc1 g3+ 45. Kg1 b6 46. Rd1 Bc2 47. Rc1 Bb3 48. Rf1 Bxd5 0-1

[Event "Regionalliga SW 1112"]
[Site "Bayern"]
[Date "2011.10.23"]
[Round "2.7"]
[White "Osthoff, Michael"]
[Black "Bronold, Anton"]
[Result "0-1"]
[WhiteElo "1981"]
[BlackElo "1777"]
[PlyCount "84"]
[EventDate "2011.10.02"]
[EventType "team-tourn"]
[EventRounds "9"]
[EventCountry "GER"]
[SourceTitle "EXT 2013"]
[Source "ChessBase"]
[SourceDate "2012.11.22"]
[SourceVersion "1"]
[SourceVersionDate "2012.11.22"]
[SourceQuality "1"]
[WhiteTeam "Muenchen Siemens"]
[BlackTeam "Muenchen RTA"]
[WhiteTeamCountry "GER"]
[BlackTeamCountry "GER"]

1. d4 Nf6 2. c4 g6 3. Nc3 d5 4. Nf3 Bg7 5. Bf4 0-0 6. e3 c6 7. Be2 Qb6 8. a3 h6 9. 0-0 Be6 10. c5 Qd8 11. Ne5 Nbd7 12. b4 Nxe5 13. Bxe5 Ne4 14. Nxe4 Bxe5 15. Nc3 Bg7 16. b5 Qa5 17. Qc2 Bf5 18. Bd3 Bxd3 19. Qxd3 e5 20. a4 exd4 21. exd4 Qb4 22. Ne2 Rfe8 23. Rfb1 Qa5 24. Kf1 Re4 25. bxc6 bxc6 26. Rb7 Rae8 27. Re1 Qxa4 28. f3 Re3 29. Qb1 Qa6 30. Rb2 Qc4 31. Rc1 Qa6 32. Ra2 Qc8 33. Qb4 Qe6 34. Rcc2 h5 35. Kf2 Qf6 36. Rxa7 Qh4+ 37. Kf1 Qxh2 38. Raa2 Bf6 39. Rc3 Qh1+ 40. Kf2 Bh4+ 41. g3 Qxf3+ 42. Kg1 Bxg3 0-1

[Event "Regionalliga SW 1011"]
[Site "Bayern"]
[Date "2011.02.06"]
[Round "6.8"]
[White "Lenz, Thomas"]
[Black "Osthoff, Michael"]
[Result "1-0"]
[WhiteElo "2172"]
[BlackElo "1984"]
[PlyCount "47"]
[EventDate "2010.10.10"]
[EventType "team-tourn"]
[EventRounds "9"]
[EventCountry "GER"]
[SourceTitle "EXT 2012"]
[Source "ChessBase"]
[SourceDate "2011.11.24"]
[SourceVersion "1"]
[SourceVersionDate "2011.11.24"]
[SourceQuality "1"]
[WhiteTeam "Unterhaching"]
[BlackTeam "Muenchen Siemens"]
[WhiteTeamCountry "GER"]
[BlackTeamCountry "GER"]

1. d4 d5 2. c4 e6 3. Nf3 Nf6 4. Nc3 c6 5. Bg5 dxc4 6. e4 b5 7. e5 h6 8. Bh4 g5 9. Nxg5 hxg5 10. Bxg5 Nbd7 11. Qf3 Qb6 12. exf6 Bb7 13. 0-0-0 0-0-0 14. Kb1 c5 15. d5 b4 16. Na4 Qa5 17. Bxc4 Ne5 18. Qe2 Nxc4 19. dxe6 Re8 20. e7 Qxa4 21. Qg4+ Kc7 22. Qxc4 Bh6 23. Bxh6 Rxh6 24. Qf4+ 1-0

[Event "Regionalliga SW 1011"]
[Site "Bayern"]
[Date "2010.11.14"]
[Round "3.7"]
[White "Osthoff, Michael"]
[Black "Mueller, Marcus"]
[Result "0-1"]
[WhiteElo "1984"]
[BlackElo "2061"]
[PlyCount "156"]
[EventDate "2010.10.10"]
[EventType "team-tourn"]
[EventRounds "9"]
[EventCountry "GER"]
[SourceTitle "EXT 2012"]
[Source "ChessBase"]
[SourceDate "2011.11.24"]
[SourceVersion "1"]
[SourceVersionDate "2011.11.24"]
[SourceQuality "1"]
[WhiteTeam "Muenchen Siemens"]
[BlackTeam "Garching II"]
[WhiteTeamCountry "GER"]
[BlackTeamCountry "GER"]

1. d4 Nf6 2. c4 g6 3. Nf3 d5 4. Bf4 Bg7 5. Nc3 0-0 6. Rc1 c5 7. e3 cxd4 8. Nxd4 Na6 9. Be2 Ne4 10. Nxe4 dxe4 11. Bg3 Qb6 12. Qc2 Nb4 13. Qb3 e5 14. Nb5 Nd3+ 15. Bxd3 exd3 16. Qxd3 Rd8 17. Qe2 Qa5+ 18. Nc3 b5 19. cxb5 Be6 20. 0-0 Rdc8 21. Rfd1 Bc4 22. Qf3 Qb4 23. b3 Bxb5 24. Nxb5 Qxb5 25. h3 a5 26. Rc4 Qe8 27. Rdc1 Rxc4 28. Rxc4 a4 29. Rxa4 Rxa4 30. bxa4 Qxa4 31. Qd5 h5 32. e4 Bf6 33. h4 Qa3 34. Kh2 Qe7 35. Kh3 Qb4 36. f3 Qa4 37. Kh2 Qa3 38. Bf2 Qb2 39. Kg1 Qc1+ 40. Kh2 Qb2 41. Be1 Be7 42. Kh3 Qa1 43. Qd2 Ba3 44. Bg3 Qh1+ 45. Bh2 Bc1 46. Qe2 Bf4 47. g3 Be3 48. a4 Kg7 49. a5 Kg8 50. a6 Kg7 51. g4 hxg4+ 52. Kxg4 Bd4 53. Bg3 Qc1 54. Kh3 Qh1+ 55. Bh2 Kh7 56. Qd3 Bg1 57. Qe2 Bxh2 58. Qxh2 Qxf3+ 59. Qg3 Qh1+ 60. Qh2 Qf1+ 61. Qg2 Qxa6 62. Qf3 Qe6+ 63. Kg3 Qe7 64. Kh3 Qe6+ 65. Kg3 Kg7 66. Qc3 Qf6 67. Qe3 Qf1 68. h5 Qf6 69. hxg6 fxg6 70. Qa7+ Kh6 71. Qa4 Qf4+ 72. Kh3 Kg5 73. Qc4 Qf3+ 74. Kh2 Kh4 75. Qd5 Qf2+ 76. Kh1 Qf4 77. Qd8+ Kg3 78. Qd5 Qf1# 0-1

[Event "Munich OIS op 29th"]
[Site "Munich"]
[Date "2009.10.09"]
[Round "7"]
[White "Fedorovsky, Michael"]
[Black "Osthoff, Michael"]
[Result "1-0"]
[WhiteElo "2458"]
[BlackElo "2095"]
[PlyCount "105"]
[EventDate "2009.10.03"]
[EventType "swiss"]
[EventRounds "9"]
[EventCountry "GER"]
[SourceTitle "EXT 2010"]
[Source "ChessBase"]
[SourceDate "2010.11.25"]
[SourceVersion "1"]
[SourceVersionDate "2010.11.25"]
[SourceQuality "1"]

1. d4 d5 2. c4 e6 3. Nc3 Nf6 4. cxd5 exd5 5. Bg5 Bb4 6. e3 0-0 7. Bd3 Nbd7 8. Nge2 Re8 9. 0-0 c6 10. a3 Be7 11. Qc2 Nf8 12. b4 Ne4 13. Bxe7 Qxe7 14. b5 Nxc3 15. Nxc3 Bd7 16. Qb3 Red8 17. bxc6 Bxc6 18. Rfc1 Ne6 19. a4 a5 20. Rab1 g6 21. Bb5 Qd6 22. Qd1 Kg7 23. Ne2 Rdc8 24. Qd2 Bxb5 25. Rxb5 Rxc1+ 26. Qxc1 b6 27. Qb2 Rb8 28. h3 Nc7 29. Rb3 Na6 30. Nf4 Nb4 31. Rc3 Qd7 32. Qb3 Qd6 33. Qd1 Qd7 34. Qg4 Qxg4 35. hxg4 Rb7 36. f3 Rd7 37. Kf2 Kf6 38. Ke2 Ke7 39. g5 f6 40. gxf6+ Kxf6 41. Nd3 Nxd3 42. Kxd3 Rb7 43. Rb3 h5 44. Rb5 Ke6 45. e4 dxe4+ 46. fxe4 Kd6 47. e5+ Ke7 48. d5 Rb8 49. Kd4 Kd7 50. Rb3 Rf8 51. Rxb6 Rf4+ 52. Kc5 Rxa4 53. e6+ 1-0